Statystyki dla kiedy to sie wydarzyło?

Kliknij tutaj aby rozwiązać quiz!

Ogólne statystyki

  • Ten quiz został rozwiązany 20 razy
  • Średni wynik to 5 z 10

Statystyki odpowiedzi

ZagadnienieOdpowiedź% Poprawnych
kiedy wybuchła 2 wojna światowa?1939 roku
100%
w jakim roku Kolumb odkrył Amerykę?1492 roku
83%
kiedy pierwszy raz ludzie wysadzilisie na księżycu?1969 roku
78%
w jakim roku rozpoczęła sie wojna secesyjna?1861 roku
44%
kiedy wydarzyła się 1 punicka wojna?264 p.n.e.
44%
w jakim roku został wanależiony telefon?1876 roku
33%
kiedy był wynaleziony komputer?1946 roku
33%
kiedy była budowane piramidy Cheopsa?2560 lat p.n.e.
28%
w jakim roku napoleon został prezydentem francji?1848 roku
22%
kiedy został wynależiony samochód?1886 roku
6%

Rozkład punktacji

Percentyl według liczby udzielonych odpowiedzi

Procent ludzi z każdym wynikiem

Twoja historia wyników

Nie rozwiązałeś tego quizu